000 00571nam a22001697a 4500
008 151201b xxu||||| |||| 00| 0 eng d
020 _a978111130741
082 _22014
_aDC 629.28822
_bT38
100 _924784
_aThompson, Rob, author.
245 _aAutomotive Maintenance & Light Repair/
_cRob Thompson
260 _aAustralia:
_bDelmar Cengage Learning,
_cc2014.
300 _ax, 800 pages:
_bcolored illustration
_c28cm
500 _aIncludes Appendix, Glossary and Index
650 0 _924786
_aAutomobiles
_xMaintenance and repair.
365 _b3225
_cPhp
942 _2ddc
_cDC
999 _c351
_d351